000 00609nam a22002417a 4500
003 UA-OsUOA
001 26229
007 ta
008 20040524b un ||||| |||| 00| 0 ukr d
100 _aСедов Е.А.
090 _a62
_bС68
942 _cBK
040 _aUA-OsUOA
_brus
_cUA-OsUOA
_dUA-OsUOA
245 _aРепортаж с нечейной земли
_bРассказы об информации
300 _a304 с.
955 _a0
041 _arus
080 _a62
260 _aМосква
_bМолодая гвардия
_c1986
044 _aRU
650 7 _2UDC
999 _c312545
_d312545